Sprache als komplexes Phänomen im interaktiven Kommunikationsprozess

Gespeichert in:
Bibliographische Detailangaben
1. Verfasser: Adamcová, Silvia, 1984-
Format: Buchkapitel
Sprache:Deutsch
Schlagworte:
Tags: Tag hinzufügen
Keine Tags, Fügen Sie das erste Tag hinzu!

MARC

LEADER 00000nla a2200000 4500
001 0241362
005 20240502073929.6
041 0 |a ger 
044 |a SK 
245 1 0 |a Sprache als komplexes Phänomen im interaktiven Kommunikationsprozess  |c Silvia Adamcová 
610 2 0 |a jazyky cudzie 
610 2 0 |a komunikácia 
610 2 0 |a kompetencie komunikačné 
610 2 0 |a gramatika 
610 2 0 |a jazykoveda 
100 1 |a Adamcová, Silvia, 1984-